000 00494nam a2200157 i 4500
001 25549
003 ES-MaACL
005 20230906153306.0
007 t|
008 021227s1943 sp ||||1| spa d
100 1 _aArias Ramos, José.
_922803
245 1 0 _aDerecho Romano
_b: apuntes didácticos para un curso /
_cJosé Arias Ramos.
260 _aMadrid :
_bRevista de Derecho Privado,
_c1943 (
_fImp. Galo Sèz)
300 _a3 t. en 2 v. ;
_c22 cm.
852 _aES-MaACL
_jF-15713-14
_bR.20301
999 _c25549
_d25549